[Event "Lasker Memorial A"]
[Site "Barlinek"]
[Date "2006.06.05"]
[Round "3.14"]
[White "Aliavdin, Nikolai"]
[Black "Kielbratowski, Aleksander"]
[Result "1-0"]
[WhiteElo "2355"]
[BlackElo "2153"]
[PlyCount "113"]
[EventDate "2006.06.??"]

1. e4 e5 2. Nf3 f5 3. d4 fxe4 4. Nxe5 Nf6 5. Bc4 d5 6. Bb3 Be6 7. O-O Be7 8.
Bg5 Nbd7 9. Nd2 O-O 10. c4 c6 11. cxd5 cxd5 12. Rc1 Nxe5 13. dxe5 Ng4 14. Bxe7
Qxe7 15. Bxd5 Bxd5 16. Qxg4 Qxe5 17. Rc3 Rf4 18. Qg3 Raf8 19. a3 Qe6 20. h3 Qb6
21. b4 h6 22. Rc5 R4f5 23. Qe3 Qg6 24. g3 b6 25. Rc7 Bc6 26. Rc1 R5f6 27. b5
Bd5 28. Rc8 Qf5 29. Rxf8+ Rxf8 30. h4 Qe5 31. Qc3 Qf5 32. Qd4 Ba8 33. Rc7 Rf7
34. Rxf7 Qxf7 35. Nxe4 Qe7 36. f3 Bxe4 37. fxe4 Qxa3 38. Qd5+ Kf8 39. Kg2 Ke7
40. Kh3 g6 41. Qe5+ Kf7 42. Qc7+ Ke6 43. Qg7 g5 44. Qxh6+ Ke5 45. Qxg5+ Kxe4
46. h5 Qa1 47. Qf4+ Kd5 48. h6 Ke6 49. g4 Qh1+ 50. Kg3 Qg1+ 51. Kh4 Ke7 52.
Qe5+ Kf7 53. Kg5 Qd1 54. Qf6+ Ke8 55. Qe5+ Kd7 56. h7 Qc1+ 57. Kg6 1-0

[Event "Lasker Memorial A"]
[Site "Barlinek"]
[Date "2006.06.05"]
[Round "3.15"]
[White "Gumula, Daniel"]
[Black "Tokarski, Lukasz"]
[Result "1-0"]
[WhiteElo "2341"]
[BlackElo "2152"]
[PlyCount "97"]
[EventDate "2006.06.??"]

1. e4 g6 2. d4 Bg7 3. Nf3 d6 4. Bc4 Nf6 5. Qe2 O-O 6. Nc3 c6 7. e5 dxe5 8. dxe5
Nd5 9. Bd2 Nxc3 10. Bxc3 b5 11. Bd3 a5 12. O-O Qc7 13. Rfe1 Na6 14. a4 b4 15.
Bd4 c5 16. Be3 Qa7 17. Bg5 Re8 18. Rad1 Nc7 19. Be4 Bb7 20. Rd7 Bxe4 21. Qxe4
Rad8 22. Red1 Qb8 23. Bxe7 Rxd7 24. Rxd7 Ne6 25. Qd5 Qc8 26. Bg5 Rf8 27. b3 Nd4
28. Be7 Ne2+ 29. Kf1 Nc3 30. Qd6 Re8 31. Rd8 Rxd8 32. Qxd8+ Qxd8 33. Bxd8 Kf8
34. Bxa5 Nd5 35. Ke2 Ke7 36. Kd3 Kd7 37. g3 Kc6 38. Bd8 Nc3 39. Bf6 Bh6 40. Bg5
Bg7 41. Bd2 Nb1 42. c4 bxc3 43. Bxc3 Nxc3 44. Kxc3 h6 45. Kc4 g5 46. g4 Bf8 47.
h4 Be7 48. hxg5 hxg5 49. Nd2 1-0

[Event "Lasker Memorial A"]
[Site "Barlinek"]
[Date "2006.06.05"]
[Round "3.16"]
[White "Warszawski, Bartosz"]
[Black "Czaja, Roman"]
[Result "1-0"]
[WhiteElo "2299"]
[BlackElo "2144"]
[PlyCount "117"]
[EventDate "2006.06.??"]

1. e4 e6 2. d4 d5 3. Nc3 Bb4 4. Nge2 dxe4 5. a3 Be7 6. Nxe4 b6 7. N2g3 Bb7 8.
Bd3 Nd7 9. Qe2 Ngf6 10. Bf4 O-O 11. Nxf6+ Nxf6 12. O-O-O a6 13. Be5 b5 14. h4
b4 15. axb4 a5 16. Rh3 axb4 17. Nh5 Nxh5 18. Bxh7+ Kxh7 19. Qxh5+ Kg8 20. Bxg7
Ra1+ 21. Kd2 Rxd1+ 22. Kxd1 f6 23. Bxf8 Bxf8 24. Qg4+ Kh8 25. Rg3 Bh6 26. Qxe6
Bd5 27. Qf5 Bf7 28. c3 bxc3 29. bxc3 Qe7 30. d5 Qd6 31. Rd3 Kg7 32. Ke1 Qa6 33.
d6 cxd6 34. Rg3+ Kf8 35. Qxf6 Qa1+ 36. Ke2 Qb2+ 37. Kf3 Qb7+ 38. Kg4 Qc8+ 39.
Qf5 Qc4+ 40. Kh3 Ke7 41. Rg4 Qxg4+ 42. Kxg4 Be6 43. c4 Bd2 44. f4 Bc3 45. Kg5
Bxf5 46. Kxf5 Kf7 47. h5 Bb2 48. h6 Kg8 49. Kg6 Bc1 50. f5 Bb2 51. f6 Bc3 52.
g4 Bd4 53. g5 Bc3 54. h7+ Kh8 55. Kf7 d5 56. cxd5 Be5 57. d6 Bxd6 58. g6 Bf8
59. g7+ 1-0

[Event "Lasker Memorial A"]
[Site "Barlinek"]
[Date "2006.06.05"]
[Round "3.17"]
[White "Jaworski, Maciej"]
[Black "Budrewicz, Krzysztof"]
[Result "1-0"]
[WhiteElo "2203"]
[BlackElo "2142"]
[PlyCount "74"]
[EventDate "2006.06.??"]

1. d4 Nf6 2. c4 g6 3. Nc3 Bg7 4. e4 d6 5. f4 O-O 6. Nf3 c5 7. d5 e6 8. Be2 exd5
9. cxd5 b5 10. e5 dxe5 11. fxe5 Ng4 12. Bg5 Qa5 13. O-O h6 14. Be7 Re8 15. d6
Bd7 16. Qd2 Nc6 17. Bxb5 a6 18. Ba4 Ra7 19. Qf4 c4 20. Bxc6 Bxc6 21. Qxg4 Rb7
22. Qxc4 Bd7 23. Nd4 Qxe5 24. Qxf7+ Kh8 25. Nb3 Bc6 26. Qxg6 Qe3+ 27. Kh1 Rg8
28. Rae1 Qh3 29. d7 Qxd7 30. Na5 Bxg2+ 31. Qxg2 Rb6 32. Rg1 Rbb8 33. Qd5 Qc8
34. Rxg7 Rxg7 35. Bf6 Qg4 36. Bxg7+ Qxg7 37. Nc6 Qg3 1-0

[Event "Lasker Memorial A"]
[Site "Barlinek"]
[Date "2006.06.05"]
[Round "3.18"]
[White "Wielosz, Jaroslaw"]
[Black "Khamitskiy, Sergei"]
[Result "0-1"]
[WhiteElo "2023"]
[BlackElo "2201"]
[PlyCount "118"]
[EventDate "2006.06.??"]

1. d4 e6 2. c4 b6 3. Nf3 Bb7 4. g3 f5 5. Bg2 Nf6 6. O-O Be7 7. Nc3 Ne4 8. Bd2
O-O 9. Rc1 Bf6 10. d5 Nd6 11. Qa4 a5 12. Bf4 Qe7 13. Be5 Na6 14. Nb5 Nxb5 15.
cxb5 Nc5 16. Bxf6 Qxf6 17. Qf4 Bxd5 18. Qxc7 Rab8 19. b3 Qb2 20. Ra1 Qxe2 21.
Nd4 Qg4 22. Bxd5 Qxd4 23. Bc4 d5 24. Rfd1 Qf6 25. Bf1 f4 26. Qxf4 Qxf4 27. gxf4
Rxf4 28. Bh3 Rbf8 29. Rd2 R8f6 30. Rc1 Rg6+ 31. Kf1 Rh4 32. Rc3 Ne4 33. Rc8+
Kf7 34. Rd3 Rf6 35. Rc7+ Kg6 36. Ke1 Ng5 37. Bg2 Rxh2 38. Kf1 Rh4 39. Rc6 Rhf4
40. Rd2 Ne4 41. Bxe4+ dxe4 42. Rxb6 e3 43. Re2 Rxf2+ 44. Rxf2 Rxf2+ 45. Ke1 Kf6
46. Rc6 Rd2 47. Rc3 h5 48. Rxe3 Rd5 49. a4 g5 50. Kf2 g4 51. Kg3 Kg5 52. Rxe6
Rd3+ 53. Kg2 Rxb3 54. Re2 h4 55. Rc2 h3+ 56. Kh2 Kh4 57. Rc4 Rb2+ 58. Kg1 h2+
59. Kh1 Kh3 0-1

[Event "Lasker Memorial A"]
[Site "Barlinek"]
[Date "2006.06.05"]
[Round "3.20"]
[White "Siwiec, Arkadiusz"]
[Black "Strzemiecki, Zbigniew"]
[Result "0-1"]
[WhiteElo "1957"]
[BlackElo "2332"]
[PlyCount "74"]
[EventDate "2006.06.??"]

1. e4 e6 2. d4 d5 3. Nc3 Bb4 4. e5 b6 5. Nge2 Ba6 6. g3 c5 7. a3 Bxc3+ 8. bxc3
Nc6 9. Be3 Nge7 10. Bh3 Rc8 11. O-O Qc7 12. Re1 Na5 13. Nf4 cxd4 14. Bxd4 Nec6
15. Qg4 Nxd4 16. cxd4 g6 17. Nxe6 fxe6 18. Qxe6+ Qe7 19. Qf6 Rf8 20. Bxc8 Bxc8
21. Qd6 Be6 22. Qb4 Nc4 23. Qc3 Kf7 24. Qf3+ Kg7 25. Qe2 Qf7 26. f4 Rc8 27. Rf1
Qf5 28. Rf2 Qe4 29. Qxe4 dxe4 30. Re2 e3 31. Rf1 Bg4 32. Ree1 e2 33. Rf2 Nxa3
34. Rfxe2 Bxe2 35. Rxe2 Rxc2 36. Re3 Nc4 37. Rd3 Rd2 0-1

[Event "Lasker Memorial A"]
[Site "Barlinek"]
[Date "2006.06.05"]
[Round "3.22"]
[White "Kopinski, Tomasz"]
[Black "Kukla, Maciej"]
[Result "0-1"]
[WhiteElo "2069"]
[BlackElo "2026"]
[PlyCount "44"]
[EventDate "2006.06.??"]

1. c4 e5 2. Nc3 f5 3. g3 Nf6 4. Bg2 c6 5. d4 e4 6. d5 d6 7. Nh3 Nbd7 8. O-O Ne5
9. b3 g6 10. f3 Qb6+ 11. Kh1 Bg7 12. dxc6 Qxc6 13. Ba3 Nf7 14. fxe4 Nxe4 15.
Nxe4 fxe4 16. Rxf7 Kxf7 17. Ng5+ Ke7 18. Bxe4 Qa6 19. Qd5 Bxa1 20. Qf7+ Kd8 21.
Bc1 h6 22. Nh7 Qa5 0-1

[Event "Lasker Memorial A"]
[Site "Barlinek"]
[Date "2006.06.05"]
[Round "3.23"]
[White "Czaus, Piotr"]
[Black "Mouiwid, Jury"]
[Result "0-1"]
[WhiteElo "1799"]
[BlackElo "2239"]
[PlyCount "82"]
[EventDate "2006.06.??"]

1. d4 g6 2. c4 Bg7 3. Nc3 d6 4. e4 Nc6 5. Be3 e5 6. d5 Nce7 7. Be2 f5 8. f3 Nf6
9. g4 O-O 10. gxf5 gxf5 11. Qd2 f4 12. Bf2 Ng6 13. O-O-O a6 14. Bf1 b6 15. h4
Nh5 16. Nge2 Kh8 17. Bh3 Bxh3 18. Rxh3 Bf6 19. b4 Rg8 20. Rg1 Qd7 21. Rh2 a5
22. b5 Ne7 23. Qe1 Rxg1 24. Qxg1 Rg8 25. Rg2 Qh3 26. Rxg8+ Nxg8 27. Qg4 Qf1+
28. Kc2 Qxf2 29. Qxh5 Qxh4 30. Qxh4 Bxh4 31. Ng1 Kg7 32. Kd2 Bf2 33. Nh3 Be3+
34. Ke2 Kg6 35. Kf1 Kh5 36. Kg2 Kh4 37. a4 Nf6 38. Nd1 Nd7 39. Nhf2 Nc5 40. Nb2
Bxf2 41. Kxf2 Kh3 0-1

[Event "Lasker Memorial A"]
[Site "Barlinek"]
[Date "2006.06.05"]
[Round "3.24"]
[White "Puczylowski, Marcin"]
[Black "Chlost, Marlena"]
[Result "0-1"]
[WhiteElo "1912"]
[BlackElo "2122"]
[PlyCount "112"]
[EventDate "2006.06.??"]

1. e4 c5 2. Nf3 d6 3. d4 cxd4 4. Nxd4 Nf6 5. Nc3 a6 6. Bg5 e6 7. f4 Be7 8. Qf3
Bd7 9. O-O-O Nc6 10. Nce2 Qa5 11. Nb3 Qc7 12. g4 Rc8 13. Nc3 b5 14. Bxf6 Bxf6
15. g5 Bxc3 16. Qxc3 e5 17. f5 h6 18. Rg1 hxg5 19. Rxg5 Kf8 20. Rg2 Rh7 21. Qd3
Ke7 22. Rgd2 Nb4 23. Qxd6+ Qxd6 24. Rxd6 Rxc2+ 25. Kb1 Bc6 26. a3 Rhxh2 27.
axb4 Rxb2+ 28. Ka1 Ra2+ 29. Kb1 Rhb2+ 30. Kc1 Rc2+ 31. Kb1 Rab2+ 32. Ka1 Rxb3
33. Bd3 Rcc3 34. Bb1 Rxb4 35. R6d2 Ra3+ 36. Ba2 Bxe4 37. Rd7+ Ke8 38. Rd8+ Ke7
39. R8d7+ Kf6 40. Rxf7+ Kg5 41. Rg1+ Kf4 42. f6 Rxa2+ 43. Kxa2 Bd5+ 44. Ka1
Bxf7 45. fxg7 Kf3 46. g8=Q Bxg8 47. Rxg8 e4 48. Rf8+ Ke3 49. Rh8 a5 50. Ka2 a4
51. Rh5 Kd3 52. Rd5+ Ke2 53. Rd7 e3 54. Rd5 Ke1 55. Rd8 e2 56. Rh8 Kd2 0-1

[Event "Lasker Memorial A"]
[Site "Barlinek"]
[Date "2006.06.05"]
[Round "3.25"]
[White "Gorecka, Joanna"]
[Black "Dragun, Kamil"]
[Result "1-0"]
[WhiteElo "2082"]
[BlackElo "1893"]
[PlyCount "71"]
[EventDate "2006.06.??"]

1. e4 c5 2. Nf3 d6 3. d4 cxd4 4. Nxd4 Nf6 5. Nc3 Nc6 6. Bg5 e6 7. Qd2 Be7 8.
O-O-O a6 9. Nb3 Bd7 10. f4 Qc7 11. Be2 O-O-O 12. Qe3 h6 13. Bh4 Ng4 14. Qg3 g5
15. Bxg4 gxh4 16. Qf2 Kb8 17. Kb1 Na5 18. f5 Nc4 19. f6 Bf8 20. Be2 Ne5 21.
Rhe1 h5 22. Qxh4 Ng6 23. Qf2 h4 24. Rd4 Bc6 25. Rdd1 Bh6 26. Nd4 Bf4 27. Nf3
Rc8 28. Bf1 Be5 29. Nxe5 Nxe5 30. Qd4 Rcd8 31. h3 Rhg8 32. Qf2 Ng6 33. Rd2 Qa5
34. Red1 Qe5 35. Qb6 Nf8 36. Qxd8+ 1-0

[Event "Lasker Memorial A"]
[Site "Barlinek"]
[Date "2006.06.05"]
[Round "3.26"]
[White "Baumann, Dariusz"]
[Black "Tokarski, Bartlomiej"]
[Result "1-0"]
[WhiteElo "1892"]
[BlackElo "2004"]
[PlyCount "67"]
[EventDate "2006.06.??"]

1. d4 g6 2. c4 Bg7 3. Nc3 Nf6 4. e4 d6 5. f3 O-O 6. Be3 b6 7. Nge2 c5 8. d5 e6
9. g4 exd5 10. cxd5 Nbd7 11. Ng3 Ne5 12. Be2 a6 13. Qd2 b5 14. h4 b4 15. Nd1 a5
16. Rc1 Ba6 17. g5 Ne8 18. f4 Bxe2 19. Qxe2 Nd7 20. h5 Qe7 21. Qh2 Bh8 22. Nf2
Bxb2 23. Rc2 Bc3+ 24. Kf1 Nc7 25. Ng4 Rfb8 26. Nh6+ Kf8 27. hxg6 fxg6 28. Nhf5
gxf5 29. Nxf5 Qf7 30. Qh6+ Bg7 31. Qxd6+ Kg8 32. Rxh7 Ne8 33. Rxg7+ Qxg7 34.
Qe6+ 1-0

[Event "Lasker Memorial A"]
[Site "Barlinek"]
[Date "2006.06.05"]
[Round "3.27"]
[White "Kowalska, Sara"]
[Black "Klim, Kamil"]
[Result "0-1"]
[WhiteElo "1833"]
[BlackElo "1940"]
[PlyCount "58"]
[EventDate "2006.06.??"]

1. d4 f5 2. Nf3 e6 3. g3 d5 4. Bg2 Nf6 5. O-O c6 6. Bf4 Be7 7. Nbd2 O-O 8. Ne5
b6 9. c4 Bb7 10. Qc2 Qc8 11. a3 c5 12. Ndf3 a5 13. a4 Na6 14. Rfd1 Nb4 15. Qb3
Ne4 16. Rac1 Qe8 17. Be3 Rc8 18. Nd2 Nf6 19. Nb1 Bd6 20. Bf4 Qe7 21. cxd5 exd5
22. Qe3 cxd4 23. Qxd4 Bc5 24. Qd2 Ne4 25. Bxe4 fxe4 26. Ng4 d4 27. e3 d3 28. h3
Na2 29. Rc4 Bb4 0-1

[Event "Lasker Memorial A"]
[Site "Barlinek"]
[Date "2006.06.06"]
[Round "4.3"]
[White "Malaniuk, Vladimir"]
[Black "Czerwonski, Aleksander"]
[Result "1/2-1/2"]
[WhiteElo "2539"]
[BlackElo "2358"]
[PlyCount "38"]
[EventDate "2006.06.??"]

1. d4 d6 2. Nf3 Bg4 3. e4 Nf6 4. Nc3 e6 5. Be2 Be7 6. d5 exd5 7. exd5 O-O 8.
O-O Nbd7 9. h3 Bxf3 10. Bxf3 Re8 11. a4 Bf8 12. a5 a6 13. Bf4 Nc5 14. Qd4 g6
15. Rfe1 Bg7 16. Qd2 Qd7 17. Rab1 h5 18. Rxe8+ Rxe8 19. Be3 Qf5 1/2-1/2

[Event "Lasker Memorial A"]
[Site "Barlinek"]
[Date "2006.06.06"]
[Round "4.4"]
[White "Kachur, Alexander"]
[Black "Koziak, Vitali"]
[Result "1/2-1/2"]
[WhiteElo "2261"]
[BlackElo "2462"]
[PlyCount "50"]
[EventDate "2006.06.??"]

1. d4 d5 2. c4 e5 3. dxe5 d4 4. Nf3 Nc6 5. g3 Nge7 6. Bg2 Ng6 7. O-O Ngxe5 8.
Nxe5 Nxe5 9. b3 Bc5 10. Nd2 O-O 11. Bb2 f5 12. e3 dxe3 13. Bxe5 exd2 14. Qc2 f4
15. Bxf4 Bf5 16. Be4 Bxf2+ 17. Kxf2 Bxe4 18. Qxe4 g5 19. Kg2 gxf4 20. Rad1 fxg3
21. Qg4+ Kh8 22. Rxf8+ Qxf8 23. Qd4+ Kg8 24. Qg4+ Kh8 25. Qd4+ Kg8 1/2-1/2

[Event "Lasker Memorial A"]
[Site "Barlinek"]
[Date "2006.06.06"]
[Round "4.7"]
[White "Bulski, Krzysztof"]
[Black "Rutkowski, Maciej"]
[Result "1-0"]
[WhiteElo "2389"]
[BlackElo "2298"]
[PlyCount "109"]
[EventDate "2006.06.??"]

1. e4 c5 2. Nc3 d6 3. Nf3 Nf6 4. d4 cxd4 5. Nxd4 g6 6. f3 Bg7 7. Be3 O-O 8. Qd2
Nc6 9. Bc4 Bd7 10. Bb3 Rc8 11. h4 h5 12. O-O-O Ne5 13. Kb1 Re8 14. Rhe1 b5 15.
Ncxb5 Nc4 16. Bxc4 Rxc4 17. Qd3 Rc5 18. Nc3 a5 19. Ndb5 Rc8 20. Qf1 a4 21. e5
Nh7 22. f4 Qa5 23. Rd4 Rxc3 24. Nxc3 Rb8 25. Nd5 a3 26. b3 Be6 27. Bd2 Qc5 28.
Qd3 dxe5 29. fxe5 Nf8 30. Qc3 Qa7 31. Bg5 Nd7 32. Nxe7+ Kh7 33. Rd6 Qf2 34. Qd2
Qxd2 35. Rxd2 Nxe5 36. Rde2 f6 37. Bf4 Bg4 38. Bxe5 fxe5 39. Rd2 Re8 40. Nd5 e4
41. Ne3 Bc3 42. Nxg4 Bxd2 43. Nf6+ Kh6 44. Nxe8 Bxe1 45. c4 Bxh4 46. Kc2 Be7
47. Kd2 Bc5 48. Nf6 e3+ 49. Ke2 g5 50. Ne4 Bd4 51. c5 h4 52. c6 Bb6 53. Nf6 Kg6
54. Nd5 Bd8 55. c7 1-0

[Event "Lasker Memorial A"]
[Site "Barlinek"]
[Date "2006.06.06"]
[Round "4.8"]
[White "Owczarzak, Jerzy"]
[Black "Jaworski, Maciej"]
[Result "1/2-1/2"]
[WhiteElo "2380"]
[BlackElo "2203"]
[PlyCount "40"]
[EventDate "2006.06.??"]

1. e4 Nc6 2. Nf3 d6 3. d4 Nf6 4. Nc3 g6 5. h3 Bg7 6. Bg5 O-O 7. Qd2 a6 8. O-O-O
b5 9. Qe3 b4 10. Nd5 Re8 11. g4 Rb8 12. Rg1 a5 13. Bc4 a4 14. e5 Nxd5 15. Bxd5
Na5 16. Qf4 Be6 17. Bxe6 fxe6 18. exd6 cxd6 19. Qe4 Qc8 20. Rge1 b3 1/2-1/2

[Event "Lasker Memorial A"]
[Site "Barlinek"]
[Date "2006.06.06"]
[Round "4.9"]
[White "Bronowicki, Mateusz"]
[Black "Aliavdin, Nikolai"]
[Result "1/2-1/2"]
[WhiteElo "2278"]
[BlackElo "2355"]
[PlyCount "48"]
[EventDate "2006.06.??"]

1. d4 Nf6 2. c4 c5 3. d5 e5 4. Nc3 d6 5. e4 Be7 6. Bd3 O-O 7. Nge2 Ne8 8. Be3
Bg5 9. Qd2 Bxe3 10. Qxe3 a6 11. f3 Nd7 12. g4 Qh4+ 13. Ng3 f6 14. Ke2 g6 15.
Qf2 Ng7 16. Nf1 Qxf2+ 17. Kxf2 Rf7 18. Ne3 Nb6 19. Rhg1 Bd7 20. a3 a5 21. b3
Rff8 22. Ke2 Kf7 23. Rg2 Rh8 24. h4 h6 1/2-1/2

[Event "Lasker Memorial A"]
[Site "Barlinek"]
[Date "2006.06.06"]
[Round "4.10"]
[White "Khamitskiy, Sergei"]
[Black "Orzech, Dominik"]
[Result "1/2-1/2"]
[WhiteElo "2201"]
[BlackElo "2346"]
[PlyCount "47"]
[EventDate "2006.06.??"]

1. d4 Nf6 2. c4 c6 3. e3 d5 4. Bd3 g6 5. Nc3 Bg7 6. Nf3 O-O 7. O-O Bg4 8. h3
Bxf3 9. Qxf3 e6 10. Bd2 Re8 11. Rfd1 Nbd7 12. cxd5 Nxd5 13. Nxd5 cxd5 14. Rac1
Rc8 15. Rxc8 Qxc8 16. Rc1 Qb8 17. Bb5 Rc8 18. Qd1 Nf6 19. Rxc8+ Qxc8 20. Qc1
Qd8 21. Bb4 Bf8 22. Bxf8 Qxf8 23. a3 Qd8 24. Bd3 1/2-1/2

[Event "Lasker Memorial A"]
[Site "Barlinek"]
[Date "2006.06.06"]
[Round "4.11"]
[White "Liwak, Przemyslaw"]
[Black "Gumula, Daniel"]
[Result "1/2-1/2"]
[WhiteElo "2340"]
[BlackElo "2341"]
[PlyCount "92"]
[EventDate "2006.06.??"]

1. e4 e6 2. d4 d5 3. Nd2 Nf6 4. e5 Nfd7 5. Bd3 c5 6. c3 Nc6 7. Ne2 cxd4 8. cxd4
f6 9. exf6 Nxf6 10. Nf3 Bd6 11. O-O Qc7 12. Bg5 O-O 13. Bh4 Nh5 14. Qc2 h6 15.
Bh7+ Kh8 16. Bg6 Rxf3 17. Bxh5 Rf8 18. Bg3 Bd7 19. Rac1 Be8 20. Bg4 Bf7 21.
Rfe1 Rae8 22. a3 Bg8 23. b4 a6 24. Qd2 Bxg3 25. hxg3 g5 26. Rc3 Qg7 27. Re3 Bf7
28. Nc3 Qxd4 29. Qxd4+ Nxd4 30. Bd1 Nc6 31. Na4 d4 32. R3e2 e5 33. Nc5 Re7 34.
Ba4 b5 35. Bc2 Bc4 36. Rd2 Bd5 37. Bd3 Ra7 38. Rc2 Rb8 39. Ne4 a5 40. Nf6 Bc4
41. Bxc4 bxc4 42. Rxc4 Ra6 43. Nd7 Rb5 44. Nc5 Rab6 45. Na4 Ra6 46. Nc5 Ra7
1/2-1/2

[Event "Lasker Memorial A"]
[Site "Barlinek"]
[Date "2006.06.06"]
[Round "4.12"]
[White "Swiercz, Dariusz"]
[Black "Szymczak, Zbigniew"]
[Result "1/2-1/2"]
[WhiteElo "2185"]
[BlackElo "2276"]
[PlyCount "54"]
[EventDate "2006.06.??"]

1. d4 Nf6 2. Nf3 d6 3. c4 Nbd7 4. Nc3 e5 5. e4 g6 6. g3 Bg7 7. Bg2 O-O 8. O-O
h6 9. d5 Nh7 10. Ne1 f5 11. Nd3 Qe7 12. f3 Ng5 13. Qe2 Nf6 14. Bd2 fxe4 15.
Nxe4 Nfxe4 16. fxe4 Bd7 17. Rxf8+ Rxf8 18. Rf1 c6 19. Rxf8+ Bxf8 20. Be3 cxd5
21. exd5 a6 22. Nf2 Bf5 23. h4 Nh7 24. Ne4 Nf6 25. Bd2 Nxe4 26. Bxe4 Qd7 27.
Qd3 h5 1/2-1/2

[Event "Lasker Memorial A"]
[Site "Barlinek"]
[Date "2006.06.06"]
[Round "4.13"]
[White "Kukla, Maciej"]
[Black "Zezulkin, Jurij"]
[Result "1/2-1/2"]
[WhiteElo "2026"]
[BlackElo "2479"]
[PlyCount "58"]
[EventDate "2006.06.??"]

1. e4 c5 2. Nf3 Nc6 3. d4 cxd4 4. Nxd4 Nf6 5. Nc3 e5 6. Ndb5 d6 7. a4 Be6 8.
Nd5 Rc8 9. Bg5 a6 10. Nbc3 Be7 11. Bxf6 Bxf6 12. Bc4 Nd4 13. Ba2 O-O 14. O-O g6
15. Rc1 Bg7 16. Ne2 Nc6 17. Qd2 Kh8 18. c3 f5 19. f3 Na5 20. Qd3 Bxd5 21. Bxd5
Qb6+ 22. Kh1 fxe4 23. Qxe4 Qxb2 24. Rb1 Qa3 25. Rb4 Rxc3 26. Nxc3 Rf4 27. Na2
Rxe4 28. fxe4 Qd3 29. Rbb1 h5 1/2-1/2

[Event "Lasker Memorial A"]
[Site "Barlinek"]
[Date "2006.06.06"]
[Round "4.14"]
[White "Lagowski, Patryk"]
[Black "Vogel, Jaap"]
[Result "1-0"]
[WhiteElo "2392"]
[BlackElo "2256"]
[PlyCount "73"]
[EventDate "2006.06.??"]

1. d4 e6 2. c4 Nf6 3. Nf3 b6 4. g3 Bb7 5. Bg2 Be7 6. O-O O-O 7. Nc3 Na6 8. a3
Qc8 9. b4 c5 10. bxc5 bxc5 11. d5 exd5 12. cxd5 Re8 13. e4 d6 14. Nh4 Nc7 15.
Nf5 Bf8 16. Rb1 Ba6 17. Re1 Rb8 18. Bg5 Rxb1 19. Qxb1 Qb8 20. Bf4 Qd8 21. Qd1
Nb5 22. Nxb5 Bxb5 23. Qb3 a6 24. Qc3 Nh5 25. Bc1 Bd7 26. g4 Bxf5 27. exf5 Nf6
28. g5 Nd7 29. f4 Nb6 30. Kf1 Rxe1+ 31. Qxe1 Qd7 32. Be4 Qa4 33. Qe3 Qc4+ 34.
Kf2 Qb5 35. Kg3 f6 36. Qd3 Qe8 37. g6 {(unreadable)} 1-0

[Event "Lasker Memorial A"]
[Site "Barlinek"]
[Date "2006.06.06"]
[Round "4.15"]
[White "Strzemiecki, Zbigniew"]
[Black "Goluch, Piotr"]
[Result "1/2-1/2"]
[WhiteElo "2332"]
[BlackElo "1966"]
[PlyCount "101"]
[EventDate "2006.06.??"]

1. e4 c6 2. d4 d5 3. Nc3 dxe4 4. Nxe4 Bf5 5. Nc5 Qc7 6. Bd3 Bg6 7. Nf3 Nf6 8.
Ne5 Bxd3 9. Ncxd3 e6 10. Bf4 Bd6 11. O-O O-O 12. Qf3 Nbd7 13. Rad1 Rad8 14. c3
c5 15. Nxd7 Nxd7 16. Bxd6 Qxd6 17. dxc5 Nxc5 18. Nxc5 Qxc5 19. Rxd8 Rxd8 20.
Qxb7 h6 21. g3 h5 22. Qf3 Qb5 23. b3 Qa5 24. a4 g6 25. c4 Qd2 26. Qb7 a5 27. c5
Qc3 28. c6 Rd5 29. b4 axb4 30. Rb1 Rc5 31. Qxb4 Qxb4 32. Rxb4 Rxc6 33. Rb1 Ra6
34. Ra1 Kf8 35. f4 Ke7 36. Kf2 e5 37. fxe5 Ke6 38. Kf3 Kxe5 39. Re1+ Kf5 40.
Re4 g5 41. Rb4 g4+ 42. Ke3 Kg5 43. Rb5+ f5 44. a5 Re6+ 45. Kd2 Re4 46. Rb8 Ra4
47. Ra8 Ra2+ 48. Ke3 Ra3+ 49. Kd4 f4 50. Rg8+ Kh6 51. gxf4 1/2-1/2

[Event "Lasker Memorial A"]
[Site "Barlinek"]
[Date "2006.06.06"]
[Round "4.16"]
[White "Szczepinski, Michal"]
[Black "Krajewicz, Pawel"]
[Result "1-0"]
[WhiteElo "2302"]
[BlackElo "1999"]
[PlyCount "81"]
[EventDate "2006.06.??"]

1. e4 c5 2. Nf3 Nc6 3. d4 cxd4 4. Nxd4 Nf6 5. Nc3 e6 6. Nxc6 bxc6 7. Bd3 d5 8.
O-O Be7 9. Qe2 O-O 10. Bf4 c5 11. Rad1 d4 12. Nb1 Qa5 13. Na3 Bb7 14. Nc4 Qd8
15. Bg3 Ne8 16. e5 Rb8 17. Qh5 g6 18. Qe2 Ba8 19. Bf4 Nc7 20. Bh6 Re8 21. Qg4
Bd5 22. b3 Nb5 23. a4 Nc3 24. Rde1 Bxc4 25. Bxc4 Nd5 26. Bb5 Rxb5 27. axb5 Nc3
28. Qf3 Qd5 29. Qxd5 exd5 30. Ra1 Nxb5 31. Ra5 Rb8 32. Rfa1 Bd8 33. R5a4 Bb6
34. Bd2 Re8 35. f4 d3 36. cxd3 c4+ 37. Kf1 cxb3 38. Rb1 Be3 39. Rxb3 Bxd2 40.
Rxb5 Be3 41. Rxd5 1-0

[Event "Lasker Memorial A"]
[Site "Barlinek"]
[Date "2006.06.06"]
[Round "4.17"]
[White "Czaja, Roman"]
[Black "Szoen, Dariusz"]
[Result "0-1"]
[WhiteElo "2144"]
[BlackElo "2440"]
[PlyCount "60"]
[EventDate "2006.06.??"]

1. d4 Nf6 2. c4 c5 3. d5 e6 4. Nc3 exd5 5. cxd5 d6 6. e4 g6 7. Be2 Bg7 8. g4
Qe7 9. f3 O-O 10. Bf4 a6 11. a4 Nxg4 12. Bxd6 Qxd6 13. fxg4 Nd7 14. Qd2 Ne5 15.
h3 Bd7 16. Nf3 b5 17. Kf2 b4 18. Nd1 f5 19. exf5 gxf5 20. g5 Rae8 21. Nxe5 Rxe5
22. Bf3 f4 23. h4 Re3 24. Kg2 Rxf3 25. Kxf3 Bd4 26. Nf2 Qxd5+ 27. Ne4 Bc6 28.
Rae1 Qb3+ 29. Kg2 Bxe4+ 30. Rxe4 Qg3+ 0-1

[Event "Lasker Memorial A"]
[Site "Barlinek"]
[Date "2006.06.06"]
[Round "4.18"]
[White "Bylino, Oleg"]
[Black "Chlost, Marlena"]
[Result "1/2-1/2"]
[WhiteElo "2316"]
[BlackElo "2122"]
[PlyCount "38"]
[EventDate "2006.06.??"]

1. Nf3 d5 2. d4 e6 3. c4 c5 4. e3 Nc6 5. Nc3 Nf6 6. a3 cxd4 7. exd4 Be7 8. Bd3
dxc4 9. Bxc4 O-O 10. O-O b6 11. Re1 Bb7 12. Ba2 Qd6 13. Bg5 Rad8 14. Nb5 Qd7
15. Qe2 a6 16. Ne5 Nxe5 17. dxe5 Qxb5 18. Qxb5 axb5 19. exf6 Bxf6 1/2-1/2

[Event "Lasker Memorial A"]
[Site "Barlinek"]
[Date "2006.06.06"]
[Round "4.19"]
[White "Budrewicz, Krzysztof"]
[Black "Mouiwid, Jury"]
[Result "1-0"]
[WhiteElo "2142"]
[BlackElo "2239"]
[PlyCount "109"]
[EventDate "2006.06.??"]

1. d4 g6 2. c4 Bg7 3. Nc3 d6 4. e4 Nc6 5. Be3 e5 6. d5 Nce7 7. g4 f5 8. f3 Nf6
9. h3 b6 10. Qd2 a6 11. Bd3 O-O 12. Nge2 f4 13. Bf2 h6 14. O-O-O Nd7 15. Kb1
Bf6 16. Rc1 Bb7 17. Rc2 Nc8 18. h4 Be7 19. Nc1 a5 20. b3 Nc5 21. g5 Nxd3 22.
Nxd3 h5 23. Ne2 Kh7 24. Qc3 Qd7 25. Be1 c5 26. dxc6 Bxc6 27. a4 Na7 28. Bf2 Qb7
29. Rd1 Rae8 30. Qd2 Nc8 31. Nc3 Bd8 32. Nb2 Rf7 33. Qd3 Qd7 34. Qf1 Qe6 35.
Rcd2 Kg7 36. Rd3 Rb7 37. R1d2 Bc7 38. Nb5 Re7 39. Na3 Rd7 40. Nd1 Bd8 41. Nc3
Kf7 42. Nd5 Rb8 43. Nb5 Rbb7 44. Rd1 Rb8 45. Be1 Ra8 46. Bc3 Rb8 47. Bb2 Rbb7
48. Ba3 Kg7 49. R1d2 Kf7 50. Ndc3 Be7 51. Ne2 Rb8 52. Ng1 Rbb7 53. Ne2 Rb8 54.
Nxf4 exf4 55. Nd4 1-0

[Event "Lasker Memorial A"]
[Site "Barlinek"]
[Date "2006.06.06"]
[Round "4.20"]
[White "Klim, Kamil"]
[Black "Szwed, Jacek"]
[Result "0-1"]
[WhiteElo "1940"]
[BlackElo "2192"]
[PlyCount "78"]
[EventDate "2006.06.??"]

1. d4 Nf6 2. c4 c5 3. d5 e6 4. Nc3 exd5 5. cxd5 d6 6. e4 Be7 7. Nf3 O-O 8. Be2
Na6 9. O-O Nc7 10. Nd2 Bd7 11. a4 a6 12. Rb1 b5 13. axb5 axb5 14. b4 cxb4 15.
Rxb4 Na6 16. Rb2 Nc5 17. Bxb5 Qa5 18. Qf3 Bxb5 19. Rxb5 Qc7 20. Bb2 Nfd7 21.
Ne2 Rfe8 22. Ng3 Bf6 23. Bxf6 Nxf6 24. Qc3 Qa7 25. Qc2 Rac8 26. Qb1 g6 27. h4
h5 28. Kh1 Ng4 29. Kg1 Ra8 30. Nf3 Qe7 31. Rb4 Qf6 32. Qc2 Ra3 33. Rfb1 Raa8
34. Rb6 Qe7 35. R6b4 Qa7 36. Nf1 Rac8 37. Rc1 Nd3 38. Qxd3 Qxf2+ 39. Kh1 Rxc1
0-1